LIBRARY ONLINE CATALOGUE

Stress testing : (Record no. 8515)

MARC details
000 -LEADER
fixed length control field 00737nam a22002172 4500
001 - CONTROL NUMBER
control field 0000013526
005 - DATE AND TIME OF LATEST TRANSACTION
control field 20151217152125.0
008 - FIXED-LENGTH DATA ELEMENTS--GENERAL INFORMATION
fixed length control field 090909s xx 000 0 eng d
020 ## - INTERNATIONAL STANDARD BOOK NUMBER
International Standard Book Number 0195159288 :
040 ## - CATALOGING SOURCE
Original cataloging agency KABU
Transcribing agency KABU
245 10 - TITLE STATEMENT
Title Stress testing :
Remainder of title principles and practice /
Statement of responsibility, etc. Myrvin H. Ellestad; with contributions by Ronald H. Startt Selvester, Fred S. Mishkin, Fredrick W. James.
250 ## - EDITION STATEMENT
Edition statement 5th ed.
260 ## - PUBLICATION, DISTRIBUTION, ETC. (IMPRINT)
Place of publication, distribution, etc. Oxford :
Name of publisher, distributor, etc. O. U. P.,
Date of publication, distribution, etc. 2003.
300 ## - PHYSICAL DESCRIPTION
Extent xi, 546 p.
650 #0 - SUBJECT ADDED ENTRY--TOPICAL TERM
Topical term or geographic name as entry element Stress (Physiology)
-- 0000060814
650 #0 - SUBJECT ADDED ENTRY--TOPICAL TERM
Topical term or geographic name as entry element Exercise tests.
-- 0000170954
650 #0 - SUBJECT ADDED ENTRY--TOPICAL TERM
Topical term or geographic name as entry element Heart function tests.
-- 0000170955
852 1# - LOCATION
-- p3712.50 KES
908 ## - PUT COMMAND PARAMETER (RLIN)
Put command parameter 090909
950 ## - LOCAL HOLDINGS (RLIN)
-- 1
Holdings
Withdrawn status Lost status Source of classification or shelving scheme Not for loan Home library Current library Date acquired Total Checkouts Full call number Barcode Date last seen Price effective from Koha item type
    Library of Congress Classification   Kabarak, Main Campus Kabarak, Main Campus 17/12/2015   RC683.5 .F9S77 2003 c. 1 18030 17/12/2015 17/12/2015 General Collection